| 000 | 00566nmm a2200205Ia 4500 | ||
|---|---|---|---|
| 008 | 251105s9999||||xx |||||||||||||||||und|| | ||
| 020 | _a9788475221168 | ||
| 041 | _aspa | ||
| 100 | _aGinsberg, Allen | ||
| 245 | 0 | _aAullido y otros poemas | |
| 264 |
_a[Madrid, España] : _bVisor Libros, _c1993 |
||
| 300 | _a96 páginas | ||
| 490 | _aVisor de Poesía | ||
| 650 | _aEnglish poetry | ||
| 700 | _aGinsberg, Allen | ||
| 700 | 1 | _a Gallego, Katy | |
| 700 | 1 | _a Williams, William Carlos | |
| 856 | _uhttps://public.digitaliapublishing.com/a/76756 | ||
| 942 | _cCF | ||
| 999 |
_c66144 _d66144 |
||